The new land laws in Kenya / (Record no. 948)
| 000 -LEADER | |
|---|---|
| fixed length control field | 00785nam a22001937a 4500 |
| 003 - CONTROL NUMBER IDENTIFIER | |
| control field | OSt |
| 005 - DATE AND TIME OF LATEST TRANSACTION | |
| control field | 20140116120842.0 |
| 008 - FIXED-LENGTH DATA ELEMENTS--GENERAL INFORMATION | |
| fixed length control field | 120619t xxu||||| |||| 00| 0 eng d |
| 040 ## - CATALOGING SOURCE | |
| Transcribing agency | - |
| 110 ## - MAIN ENTRY--CORPORATE NAME | |
| Corporate name or jurisdiction name as entry element | Institution of surveyors of Kenya. |
| 245 ## - TITLE STATEMENT | |
| Title | The new land laws in Kenya / |
| Statement of responsibility, etc | Institution of surveyors of Kenya. |
| 260 ## - PUBLICATION, DISTRIBUTION, ETC. (IMPRINT) | |
| Place of publication, distribution, etc | Nairobi : |
| Name of publisher, distributor, etc | Nation Center, |
| Date of publication, distribution, etc | Thursday June 14, 2012. |
| 300 ## - PHYSICAL DESCRIPTION | |
| Extent | page 25 |
| 440 ## - SERIES STATEMENT/ADDED ENTRY--TITLE | |
| Title | Daily Nation |
| International Standard Serial Number | 17246 |
| 505 ## - FORMATTED CONTENTS NOTE | |
| Formatted contents note | Appreciation -- Highlights of the land acts -- Land laws not repealed -- The long road to implementation -- Amendments and corrections. |
| 650 ## - SUBJECT ADDED ENTRY--TOPICAL TERM | |
| Topical term or geographic name as entry element | Land law |
| Geographic subdivision | Kenya. |
| 856 ## - ELECTRONIC LOCATION AND ACCESS | |
| Materials specified | Available on this website. |
| Uniform Resource Identifier | http://www.isk.or.ke/index.php?option=com_jdownloads&Itemid=230&view=summary&cid=65&catid=5 |
| 942 ## - ADDED ENTRY ELEMENTS (KOHA) | |
| Source of classification or shelving scheme | |
| Koha item type | Article |
| Withdrawn status | Lost status | Source of classification or shelving scheme | Damaged status | Not for loan | Home library | Current library | Date acquired | Total Checkouts | Full call number | Date last seen | Price effective from | Koha item type |
|---|---|---|---|---|---|---|---|---|---|---|---|---|
| Riara University Library | Riara University Library | 19/06/2012 | Article | 19/06/2012 | 19/06/2012 | Article |
